Cửa khổng

Qua lần vỏ đã lỗi thời, Khổng Nho còn chứa rất nhiều giá trị căn bản đã trở thành di sản tinh thần của dân tộc. Cửa Khổng dùng phương pháp khoa học và triết học để gạn lọc ra những tinh hoa đó. Một sách cần thiết cho những ai lưu tâm đê...

ver descrição completa

Na minha lista:
Detalhes bibliográficos
Autor principal: Kim Định
Formato: Livro
Idioma:Undetermined
Publicado em: Hà Nội Hội nhà văn 2017
Assuntos:
Tags: Adicionar Tag
Sem tags, seja o primeiro a adicionar uma tag!
Thư viện lưu trữ: Trung tâm Học liệu Trường Đại học Cần Thơ
LEADER 00954nam a2200205Ia 4500
001 CTU_225807
008 210402s9999 xx 000 0 und d
020 |c 98000 
082 |a 181.11 
082 |b K310 
100 |a Kim Định 
245 0 |a Cửa khổng 
245 0 |c Kim Định 
260 |a Hà Nội 
260 |b Hội nhà văn 
260 |c 2017 
520 |a Qua lần vỏ đã lỗi thời, Khổng Nho còn chứa rất nhiều giá trị căn bản đã trở thành di sản tinh thần của dân tộc. Cửa Khổng dùng phương pháp khoa học và triết học để gạn lọc ra những tinh hoa đó. Một sách cần thiết cho những ai lưu tâm đến vấn đề văn hóa và giáo dục. 
650 |a Philosophy, Chinese,Triết học Trung Quốc 
910 |b vtbtruc 
980 |a Trung tâm Học liệu Trường Đại học Cần Thơ